Responses for Show #4538 - Wednesday, May 5, 2004

2004-A Kids Week game 3.
From Washington, D.C.

Contestants

[<< previous game]

Tucker Warner, from Fredericksburg, Virginia

Leatrice Potter, from Olney, Illinois

Okey Chikezie, from Egg Harbor Township, New Jersey

[next game >>]

Jeopardy! Round responses

FRANKLIN, BEN FRANKLIN
PARTS OF THE WHOLE
THE SOUTH OF...
SPORTS
THINGS TO DO WITH CARROTS
BEGINS & ENDS IN "D"
    $200 14
Philadelphia

Okey
    $200 12
a bicycle

Okey
    $200 18
Arizona

Leatrice
    $200 1
T-ball

Okey
    $200 7
sticks

Tucker
    $200 6
dad

Leatrice
    $400 25
daylight savings time

Tucker
    $400 13
a football field

Okey
    $400 19
Chicago

Tucker
    $400 2
the gutter

Okey
    $400 23
Bugs Bunny

Tucker
    $400 8
a deed

Leatrice
    $600 28
(Leatrice: What is an oven?)

a stove

Leatrice
Triple Stumper
    $600 15
a computer

Tucker
    $1,000 20
Italy

Tucker
    $600 3
tennis

Tucker
    $600 24
a snowman

Leatrice
    $600 9
dud

Leatrice
    $800 29
[The end-of-round signal sounds.]

electricity

Tucker
    $800 16
(Alex: Oh, are you guys lucky. Your parents have not forced you into dealing with [*] yet.)

the washing machine

Triple Stumper
    $800 21
Australia

Tucker
    $800 4
soccer

Okey
    $800 26
carrot cake

Okey
    $800 10
a dachshund

Leatrice
    $1000 17
(Okey: What is a gun?)
(Leatrice: What is a car?)
(Alex: A car? Be more specific.)

a car engine

OkeyLeatrice
    $1000 22
Norway

Tucker
    $1000 5
fore

Tucker
    $1000 27
cole slaw

Leatrice
    $1000 11
[Applause for Leatrice's run of the category]

David

Leatrice

Scores at the first commercial break (after clue 16):

Okey Leatrice Tucker
$2,200 $3,000 $2,400

Scores at the end of the Jeopardy! Round:

Okey Leatrice Tucker
$2,000 $5,200 $7,200

Double Jeopardy! Round responses

CHARACTERS IN BOOKS
BOARD GAMES
U.S. GOVERNMENT
MALL OF AMERICA
EXPLORERS
VOCABULARY TEST
    $400 6
Lord Voldemort

Okey
    $400 1
Monopoly

Tucker
    $400 7
18

Tucker
    $400 25
Foot Locker

Leatrice
    $400 15
Columbus

Okey
    $400 12
handkerchief

Tucker
    $800 8
Clifford (the Big Red Dog)

Okey
    $800 2
Scrabble

Tucker
    $800 21
California

Tucker
    $800 27
Burger King

Tucker
    $800 16
Mount Everest

Tucker
    $800 13
abode

Triple Stumper
    $1200 9
Harold

Leatrice
    $1200 3
Chinese checkers

Tucker
    $2,000 22
the Department of Agriculture

Tucker
    $1200 28
(Okey: What is Cuckoo Puff?)
...
[The end-of-round signal sounds.]

Cocoa Puffs

OkeyTucker
    $1200 17
(Okey: Who is Magellan?)

Balboa

Okey
Triple Stumper
    $1200 14
wound

Triple Stumper
    $1600 10
Pippi Longstocking

Tucker
    $1600 4
Risk

Okey
    $1600 23
Puerto Rico

Okey
    $3,000 18
Ponce de León

Tucker
    $1600 20
(Alex: And what do cows do? They [*]. [imitates] Um-um-um.)

graze

Triple Stumper
    $2000 11
American Girl

Triple Stumper
    $2000 5
speed chess

Triple Stumper
    $2000 24
8

Okey
    $2000 19
Sir Francis Drake

Triple Stumper
    $2000 26
flower

Tucker

Scores at the end of the Double Jeopardy! Round:

Okey Leatrice Tucker
$6,400 $6,800 $22,600
(lock game)

[wagering suggestions for these scores]

Final Jeopardy! Round responses

CLASSIC MOVIES
(Alex: [Revealing Tucker's response] He has exotic tastes. Gone with the Wind. And it cost him $3,000. But it's still enough.)
OkeyWhat is the Wizard of Oz
$3,000
LeatriceWhat is The Wizard of Oz?
$6,000
TuckerWhat is Gone with the Wind
$3,000
The Wizard of Oz

Final scores:

Okey Leatrice Tucker
$9,400 $12,800 $19,600
3rd place: $1,000 + Classroom Jeopardy! 2nd place: $2,000 + Classroom Jeopardy! Winner: $19,600 + Classroom Jeopardy!

Game dynamics:

Coryat scores:

Okey Leatrice Tucker
$6,400 $6,800 $20,000
13 R,
3 W
11 R,
1 W
24 R
(including 3 DDs),
0 W

Combined Coryat: $33,200

[game clues] [game scores] [suggest correction]

Game tape date: 2004-04-04
The J! Archive is created by fans, for fans. Scraping, republication, monetization, and malicious use prohibited; this site may use cookies and collect identifying information. See terms. The Jeopardy! game show and all elements thereof, including but not limited to copyright and trademark thereto, are the property of Jeopardy Productions, Inc. and are protected under law. This website is not affiliated with, sponsored by, or operated by Jeopardy Productions, Inc. Join the discussion at JBoard.tv.